| 000 -LEADER |
| fixed length control field |
00622nam a2200217 a 4500 |
| 008 - FIXED-LENGTH DATA ELEMENTS--GENERAL INFORMATION |
| fixed length control field |
190826s2009 ii ||||gd|||| 000 0 eng d |
| 020 ## - INTERNATIONAL STANDARD BOOK NUMBER |
| International Standard Book Number |
9788190534918 |
| Terms of availability |
Rs. 875.00 |
| 040 ## - CATALOGING SOURCE |
| Original cataloging agency |
IMU Kochi Library |
| Language of cataloging |
eng |
| 041 0# - LANGUAGE CODE |
| Language code of text/sound track or separate title |
eng |
| 044 ## - COUNTRY OF PUBLISHING/PRODUCING ENTITY CODE |
| MARC country code |
India |
| 082 04 - DEWEY DECIMAL CLASSIFICATION NUMBER |
| Edition number |
23 |
| Classification number |
153.69 |
| Item number |
M2898 |
| 100 1# - MAIN ENTRY--PERSONAL NAME |
| Personal name |
Makodia, Vipul V |
| 245 10 - TITLE STATEMENT |
| Title |
Role of Body Language in Communication / |
| 260 ## - PUBLICATION, DISTRIBUTION, ETC. (IMPRINT) |
| Place of publication, distribution, etc |
Jaipur : |
| Name of publisher, distributor, etc |
Paradise Publishers, |
| Date of publication, distribution, etc |
2009 |
| 300 ## - PHYSICAL DESCRIPTION |
| Extent |
247 p. ; |
| Dimensions |
21 cm. |
| 650 ## - SUBJECT ADDED ENTRY--TOPICAL TERM |
| Topical term or geographic name as entry element |
Body language |
| Form subdivision |
Textbooks |
| 650 ## - SUBJECT ADDED ENTRY--TOPICAL TERM |
| Topical term or geographic name as entry element |
Interpersonal communication |
| Form subdivision |
Textbooks |
| 650 ## - SUBJECT ADDED ENTRY--TOPICAL TERM |
| Topical term or geographic name as entry element |
Nonverbal communication |
| Form subdivision |
Textbooks |
| 852 ## - LOCATION/CALL NUMBER |
| Location |
IMU Kochi Library |
| 942 ## - ADDED ENTRY ELEMENTS (KOHA) |
| Item type |
Books |